00000000nam##2200000za#4500
0019.632854
003CaOODSP
00520210624215028
007cr |||||||||||
008150407|2000||||xxc|||||o    f|0| 0 fre|d
040 |aCaOODSP|bfre
043 |an-cn---
0861 |aSW21-40/2000F-PDF
1101 |aCanada. |bCondition féminine Canada.
24510|aÉtude d'évaluation des données du recensement de 1996 relatives au travail non rémunéré / |h[ressource électronique]|c[par] Leroy O. Stone et Sandra Swain.
260 |aOttawa - Ontario : |bCondition féminine Canada |c2000.
300 |a60p.|bglossaire, graphiques, tableaux
500 |aN.B.: Le n° de catalogue (SW21-40/2000F) imprimé dans cette publication est incorrect. N.B.: L'ISBN (0-662-83874-9) imprimé dans cette édition est incorrect.
504 |aBibliographie.
546 |aBilingue
590 |a06-10-Supp|b2006-12-15
69107|aDonnées du recensement|2gcpds
69107|aCondition de la femme|2gcpds
69107|aÉconomie domestique|2gcpds
69107|aTravail non rémunéré|2gcpds
7201 |aStone, Leroy
7201 |aSwain, Sandra
77508|tThe 1996 Census unpaid work data evaluation study / |w(CaOODSP)9.688430
7760#|tThe 1996 Census unpaid work data evaluation study / |w(CaOODSP)9.661197
7760#|tÉtude d'évaluation des données du recensement de 1996 relatives au travail non rémunéré / |w(CaOODSP)9.661198
85640|ahttp://publications.gc.ca|qPDF|s298 Ko|uhttps://publications.gc.ca/collections/Collection/SW21-40-2000F.pdf